<?xml version="1.0" encoding="UTF-8"?>
<record
    xmlns:xsi="http://www.w3.org/2001/XMLSchema-instance"
    xsi:schemaLocation="http://www.loc.gov/MARC21/slim http://www.loc.gov/standards/marcxml/schema/MARC21slim.xsd"
    xmlns="http://www.loc.gov/MARC21/slim">

  <leader>03130nam a2200409 i 4500</leader>
  <controlfield tag="001">196208</controlfield>
  <controlfield tag="003">ES-MaACL</controlfield>
  <controlfield tag="005">20260216183928.0</controlfield>
  <controlfield tag="008">240818s2020    sp a   | |||| 000 0 spa  </controlfield>
  <datafield tag="015" ind1=" " ind2=" ">
    <subfield code="a">MON20</subfield>
  </datafield>
  <datafield tag="017" ind1=" " ind2=" ">
    <subfield code="a">CC 325-2020</subfield>
    <subfield code="b">Oficina Dep&#xF3;sito Legal C&#xE1;ceres</subfield>
  </datafield>
  <datafield tag="020" ind1=" " ind2=" ">
    <subfield code="a">9788417132965</subfield>
  </datafield>
  <datafield tag="035" ind1=" " ind2=" ">
    <subfield code="a">(SpMaBN)a6802730</subfield>
  </datafield>
  <datafield tag="035" ind1=" " ind2=" ">
    <subfield code="a">991031848649708606</subfield>
  </datafield>
  <datafield tag="040" ind1=" " ind2=" ">
    <subfield code="a">SpMaBN</subfield>
    <subfield code="b">spa</subfield>
    <subfield code="c">SpMaBN</subfield>
    <subfield code="e">rda</subfield>
  </datafield>
  <datafield tag="080" ind1=" " ind2=" ">
    <subfield code="a">728.81(460.251 Trujillo)(091)</subfield>
  </datafield>
  <datafield tag="100" ind1="1" ind2=" ">
    <subfield code="a">Ramos Rubio, Jos&#xE9; Antonio,</subfield>
    <subfield code="d">1963-</subfield>
    <subfield code="e">aut</subfield>
    <subfield code="9">174430</subfield>
  </datafield>
  <datafield tag="245" ind1="1" ind2="3">
    <subfield code="a">El Palacio de Luis de Chaves de Trujillo :</subfield>
    <subfield code="b">s&#xED;mbolo de la unidad nacional / </subfield>
    <subfield code="c">Jos&#xE9; Antonio Ramos Rubio, cronista oficial de Trujillo ; incluye la leyenda El medall&#xF3;n de los Deseos por Florentino Escribano Ruiz.</subfield>
  </datafield>
  <datafield tag="250" ind1=" " ind2=" ">
    <subfield code="a">Primera edici&#xF3;n: 2020</subfield>
  </datafield>
  <datafield tag="264" ind1=" " ind2="1">
    <subfield code="a">C&#xE1;ceres :</subfield>
    <subfield code="b">Tau Editores,</subfield>
    <subfield code="c">[2020].</subfield>
  </datafield>
  <datafield tag="300" ind1=" " ind2=" ">
    <subfield code="a">193 p&#xE1;ginas</subfield>
    <subfield code="b">ilustraciones (blanco y negro y color), planos (blanco y negro)</subfield>
    <subfield code="c">21 cm</subfield>
  </datafield>
  <datafield tag="336" ind1=" " ind2=" ">
    <subfield code="a">Texto</subfield>
    <subfield code="2">rdacontent</subfield>
  </datafield>
  <datafield tag="337" ind1=" " ind2=" ">
    <subfield code="a">sin mediaci&#xF3;n</subfield>
    <subfield code="2">rdamedia</subfield>
  </datafield>
  <datafield tag="338" ind1=" " ind2=" ">
    <subfield code="a">volumen</subfield>
    <subfield code="2">rdacarrier</subfield>
  </datafield>
  <datafield tag="500" ind1=" " ind2=" ">
    <subfield code="a">Incluye (p&#xE1;ginas 151-192): El medall&#xF3;n de los deseos / por Florentino Escribano Ruiz</subfield>
  </datafield>
  <datafield tag="504" ind1=" " ind2=" ">
    <subfield code="a">Bibliograf&#xED;a: p&#xE1;ginas 119-124</subfield>
  </datafield>
  <datafield tag="520" ind1=" " ind2=" ">
    <subfield code="a">Este edificio trujillano, que marca la antesala de la Villa, es uno de los mejores ejemplos de la arquitectura civil castellana de la Baja Edad Media. Aqu&#xED; estuvieron alojados los Reyes Cat&#xF3;licos en todas las ocasiones en las que visitaron y residieron largas temporadas en Trujillo. Luis de Chaves manten&#xED;a una larga relaci&#xF3;n de amistad con Isabel la Cat&#xF3;lica, y se posicion&#xF3; sin dudarlo a su favor en la guerra sucesoria contra Juana "la Beltraneja". En estas luchas, Luis de Chaves perdi&#xF3; a dos hijos. Su lealtad fue largamente recompensada. Adem&#xE1;s, en este palacio Isabel la Cat&#xF3;lica firm&#xF3; el Tratado de Alca&#xE7;obas, que pon&#xED;a fin a la guerra sucesoria y, por ende, a la guerra con Portugal.

Fueron muchas las honrosas distinciones otorgadas a Trujillo, Capital de Extremadura en aquel entonces, recogidas en los documentos que atesoran el rico Archivo Municipal trujillano y el Hist&#xF3;rico Nacional de Madrid. En el a&#xF1;o 1479, la Reina Isabel fund&#xF3; en Trujillo la Santa Hermandad, para combatir el pillaje y el latrocinio, muy extendido en aquellos tiempos. Durante el reinado de los Reyes Cat&#xF3;licos, la ciudad alcanz&#xF3; su mayor esplendor, grandeza y universalidad, en una &#xE9;poca en la que la ciudad era la capital de la provincia de Extremadura.</subfield>
  </datafield>
  <datafield tag="610" ind1=" " ind2="0">
    <subfield code="a">Palacio de Luis de Chaves (Trujillo)- </subfield>
    <subfield code="v">Historia</subfield>
    <subfield code="9">238506</subfield>
  </datafield>
  <datafield tag="651" ind1=" " ind2="0">
    <subfield code="a">Trujillo (C&#xE1;ceres)- </subfield>
    <subfield code="x">Edificios, estructuras, etc.- </subfield>
    <subfield code="x">Restauraci&#xF3;n</subfield>
    <subfield code="9">236454</subfield>
  </datafield>
  <datafield tag="700" ind1=" " ind2=" ">
    <subfield code="a">Escribano Ruiz, Florentino </subfield>
    <subfield code="e">aut</subfield>
    <subfield code="9">240286</subfield>
  </datafield>
  <datafield tag="852" ind1=" " ind2=" ">
    <subfield code="a">ES-MaACL</subfield>
    <subfield code="b">R.152992</subfield>
    <subfield code="c">DEPOJ</subfield>
    <subfield code="j">N-9283</subfield>
    <subfield code="h">Donaci&#xF3;n: Jos&#xE9; Antonio Ramos Rubio</subfield>
    <subfield code="x">Encuadernaci&#xF3;n r&#xFA;stica con solapas</subfield>
    <subfield code="9">205324</subfield>
  </datafield>
  <datafield tag="903" ind1=" " ind2=" ">
    <subfield code="a">Ramos Rubio, Jos&#xE9; Antonio,</subfield>
    <subfield code="d">1963-</subfield>
    <subfield code="e">dnr</subfield>
    <subfield code="9">174430</subfield>
  </datafield>
  <datafield tag="942" ind1=" " ind2=" ">
    <subfield code="c">MONOGRAFIA</subfield>
    <subfield code="n">0</subfield>
  </datafield>
  <datafield tag="999" ind1=" " ind2=" ">
    <subfield code="c">196208</subfield>
    <subfield code="d">196208</subfield>
  </datafield>
  <datafield tag="952" ind1=" " ind2=" ">
    <subfield code="0">0</subfield>
    <subfield code="1">0</subfield>
    <subfield code="2">udc</subfield>
    <subfield code="4">0</subfield>
    <subfield code="7">0</subfield>
    <subfield code="a">ATENEOM</subfield>
    <subfield code="b">ATENEOM</subfield>
    <subfield code="c">DEPOJ</subfield>
    <subfield code="d">2025-05-08</subfield>
    <subfield code="e">DONACION</subfield>
    <subfield code="l">0</subfield>
    <subfield code="o">N-9283</subfield>
    <subfield code="p">101230009</subfield>
    <subfield code="r">2025-05-08 00:00:00</subfield>
    <subfield code="w">2025-05-08</subfield>
    <subfield code="y">MONOGRAFIA</subfield>
  </datafield>
</record>
